=LDR 00000nam 2200000 4500 =001 000197 =020 $9786027542457 =082 $633.800 =245 $$a Seri budidaya tanaman anggur =250 $Cetakan II =264 $Depok: ONCOR Semesta Ilmu 2023 =300 $viii, 64 halaman; 21 cm. =650 $Tanaman Buah =905 $633.8 SER =336 $$a =337 $$a =338 $$a =005 20260702151432.0 =008 260702s2026\\\\\\\\\\\\\\\\\\\\\\\\\\\\\\\\\\\\\\\\\